| 000 | 00361nam a2200157Ia 4500 | ||
|---|---|---|---|
| 008 | 221030s9999 xx 000 0 und d | ||
| 020 | _a007460294 | ||
| 041 | _aEnglish | ||
| 082 |
_a105.23 _bPra |
||
| 100 | _aN. Prakash | ||
| 245 | 0 | _aIntroduction to Database Management | |
| 260 |
_bTMH _aNew Delhi _c2002 |
||
| 300 | _a304 | ||
| 650 | _aComputers | ||
| 942 | _cBK | ||
| 999 |
_c91 _d91 |
||